Space and historical time as dimensions of social change

Gespeichert in:
Bibliographische Detailangaben
Körperschaft: Univerzita Karlova v Praze. Fakulta sociálních věd
Weitere Verfasser: Musil, Jiří
Format: Buch
Sprache:Englisch
Veröffentlicht: Praha Matfyzpress 2008
Schlagworte:
Tags: Tag hinzufügen
Keine Tags, Fügen Sie das erste Tag hinzu!

MARC

LEADER 00000nam$a2200000$$$4500
001 0104913
005 20240109071154.7
020 |a 978-80-7378-071-5 
041 0 |a eng 
044 |a CZ 
245 1 0 |a Space and historical time as dimensions of social change  |c edited by: Jiří Musil 
264 1 |a Praha  |b Matfyzpress  |c 2008 
300 |a 158 s. 
610 2 0 |a politika sociálna 
610 2 0 |a problémy spoločenské 
610 2 0 |a situácia sociálna 
610 2 0 |a integrácia ekonomická medzinárodná 
610 2 0 |a dôsledky sociálne 
610 2 0 |a porovnanie medzinárodné 
700 1 |a Musil, Jiří 
710 2 |a Univerzita Karlova v Praze. Fakulta sociálních věd